[Event "Lausanne op"]
[Site "Lausanne"]
[Date "2007.09.16"]
[Round "5"]
[White "Pagliaro, Sebastien"]
[Black "Kappeler, Kaspar"]
[Result "1/2-1/2"]
[WhiteElo "1838"]
[BlackElo "2159"]
[PlyCount "145"]
[EventDate "2007.09.14"]
[EventType "swiss"]
[EventRounds "7"]
[EventCountry "SUI"]
[SourceTitle "CBM 120 Extra"]
[Source "ChessBase"]
[SourceDate "2007.11.01"]
[SourceVersion "1"]
[SourceVersionDate "2007.11.01"]
[SourceQuality "1"]

1. e4 e5 2. Nf3 d6 3. d4 exd4 4. Qxd4 Nf6 5. Nc3 a6 6. Be2 Nc6 7. Qd1 Be7 8. 0-0 0-0 9. Re1 Re8 10. h3 Bf8 11. Bg5 h6 12. Bh4 g6 13. Bf1 Bg7 14. e5 Nxe5 15. Nxe5 dxe5 16. Qxd8 Rxd8 17. Rxe5 g5 18. Bg3 Nh5 19. Re3 Nxg3 20. Rxg3 Be6 21. Nd1 f5 22. Rd3 c5 23. a4 f4 24. a5 Bf5 25. Rxd8+ Rxd8 26. Bc4+ Kf8 27. c3 h5 28. f3 Rd2 29. Rc1 Bf6 30. b4 cxb4 31. cxb4 Bd4+ 32. Kf1 Bc2 33. Be2 Bd3 34. Bxd3 Rxd3 35. Ke2 Rb3 36. Rc8+ Ke7 37. Rc7+ Kd6 38. Rxb7 Kd5 39. Kd2 Kc4 40. Kc2 Rxb4 41. Rxb4+ Kxb4 42. Kd3 Bf6 43. Nf2 Kxa5 44. Ne4 Be7 45. Kc4 Kb6 46. Nc3 Kc6 47. Na4 Bf6 48. Nc5 a5 49. Ne4 Be7 50. Nc3 Kd6 51. Na4 Ke5 52. Nc3 Bb4 53. Na4 Be7 54. Nc3 Bd8 55. Na4 Kf5 56. Kd5 g4 57. hxg4+ hxg4 58. Nc3 Kg5 59. Ke4 Bc7 60. Na4 Kh4 61. Kf5 Kg3 62. fxg4 Kxg2 63. Nb2 f3 64. Nd3 f2 65. Nxf2 Kxf2 66. g5 Bb6 67. Ke4 Bd8 68. g6 Bf6 69. Kd3 Kf3 70. Kc2 a4 71. Kb1 Ke4 72. Ka2 Kf5 73. g7 1/2-1/2

[Event "Lausanne op"]
[Site "Lausanne"]
[Date "2007.09.14"]
[Round "1"]
[White "Pagliaro, Sebastien"]
[Black "Serban, Vlad"]
[Result "0-1"]
[WhiteElo "1838"]
[BlackElo "2176"]
[PlyCount "98"]
[EventDate "2007.09.14"]
[EventType "swiss"]
[EventRounds "7"]
[EventCountry "SUI"]
[SourceTitle "CBM 120 Extra"]
[Source "ChessBase"]
[SourceDate "2007.11.01"]
[SourceVersion "1"]
[SourceVersionDate "2007.11.01"]
[SourceQuality "1"]

1. e4 c5 2. Nf3 Nc6 3. d4 cxd4 4. Nxd4 g6 5. c4 Bg7 6. Be3 Nf6 7. Nc3 Ng4 8. Qxg4 Nxd4 9. Qd1 Ne6 10. Rc1 Qa5 11. Be2 b6 12. 0-0 Bb7 13. f3 g5 14. Qd2 d6 15. a3 h5 16. b4 Qxa3 17. Nd5 Bxd5 18. cxd5 Qxe3+ 19. Qxe3 Bd4 20. Qxd4 Nxd4 21. Ba6 e5 22. dxe6 Nxe6 23. Ra1 Nd8 24. Rfc1 Ke7 25. Rc7+ Kf6 26. Bc4 a5 27. bxa5 bxa5 28. Rd1 Ne6 29. Rxd6 Rhc8 30. Rxc8 Rxc8 31. Bxe6 fxe6 32. Ra6 Rc5 33. Kf2 Ke5 34. Ke3 Rc3+ 35. Kd2 Ra3 36. Ke2 Ra2+ 37. Ke3 h4 38. g3 Ra3+ 39. Ke2 h3 40. Ra8 g4 41. fxg4 Kxe4 42. Ra6 Ra2+ 43. Kd1 Kf3 44. g5 Rxh2 45. g6 Rh1+ 46. Kc2 h2 47. g7 Rc1+ 48. Kb3 h1Q 49. g8Q Qd1+ 0-1